Ligue 1 Sieger - Statistiken

Allgemein
  • Dieses Quiz wurde 262 mal gespielt
  • Das Durchschnittsergebnis liegt bei 68 aus 86
Antwortstatistiken
Saison Sieger % Korrekt
1985-1986 Paris Saint-Germain
100%
1993-1994 Paris Saint-Germain
100%
2012-2013 Paris Saint-Germain
100%
2013-2014 Paris Saint-Germain
100%
2014-2015 Paris Saint-Germain
100%
2015-2016 Paris Saint-Germain
100%
2017-2018 Paris Saint-Germain
100%
2018-2019 Paris Saint-Germain
100%
2019-2020 Paris Saint-Germain
100%
2021-2022 Paris Saint-Germain
100%
2022-2023 Paris Saint-Germain
100%
2023-2024 Paris Saint-Germain
100%
2024-2025 Paris Saint-Germain
100%
2001-2002 Olympique Lyon
99%
2002-2003 Olympique Lyon
99%
2003-2004 Olympique Lyon
99%
2004-2005 Olympique Lyon
99%
2005-2006 Olympique Lyon
99%
2006-2007 Olympique Lyon
99%
2007-2008 Olympique Lyon
99%
1936-1937 Olympique Marseille
97%
1947-1948 Olympique Marseille
97%
1970-1971 Olympique Marseille
97%
1971-1972 Olympique Marseille
97%
1988-1989 Olympique Marseille
97%
1989-1990 Olympique Marseille
97%
1990-1991 Olympique Marseille
97%
1991-1992 Olympique Marseille
97%
2009-2010 Olympique Marseille
97%
1960-1961 AS Monaco
93%
1962-1963 AS Monaco
93%
1981-1982 AS Monaco
93%
1987-1988 AS Monaco
93%
1996-1997 AS Monaco
93%
1999-2000 AS Monaco
93%
2016-2017 AS Monaco
93%
1945-1946 OSC Lille
90%
1953-1954 OSC Lille
90%
2010-2011 OSC Lille
90%
2020-2021 OSC Lille
90%
1932-1933 Olympique Lille
89%
1949-1950 Girondins Bordeaux
81%
1983-1984 Girondins Bordeaux
81%
1984-1985 Girondins Bordeaux
81%
1986-1987 Girondins Bordeaux
81%
1998-1999 Girondins Bordeaux
81%
2008-2009 Girondins Bordeaux
81%
1956-1957 AS Saint-Étienne
75%
1963-1964 AS Saint-Étienne
75%
1966-1967 AS Saint-Étienne
75%
1967-1968 AS Saint-Étienne
75%
1968-1969 AS Saint-Étienne
75%
1969-1970 AS Saint-Étienne
75%
1973-1974 AS Saint-Étienne
75%
1974-1975 AS Saint-Étienne
75%
1975-1976 AS Saint-Étienne
75%
1980-1981 AS Saint-Étienne
75%
1950-1951 OGC Nizza
73%
1951-1952 OGC Nizza
73%
1955-1956 OGC Nizza
73%
1958-1959 OGC Nizza
73%
1964-1965 FC Nantes
71%
1965-1966 FC Nantes
71%
1972-1973 FC Nantes
71%
1976-1977 FC Nantes
71%
1979-1980 FC Nantes
71%
1982-1983 FC Nantes
71%
1994-1995 FC Nantes
71%
2000-2001 FC Nantes
71%
2011-2012 HSC Montpellier
69%
1935-1936 Racing Paris
67%
1997-1998 Racing Lens
55%
1948-1949 Stade Reims
49%
1952-1953 Stade Reims
49%
1954-1955 Stade Reims
49%
1957-1958 Stade Reims
49%
1959-1960 Stade Reims
49%
1961-1962 Stade Reims
49%
1977-1978 Stade Reims
49%
1995-1996 AJ Auxerre
43%
1978-1979 Racing Strasbourg
42%
1934-1935 FC Sochaux
22%
1937-1938 FC Sochaux
22%
1946-1947 CO Roubaix-Tourcoing
11%
1933-1934 FC Sète
11%
1938-1939 FC Sète
11%
Keine übereinstimmenden Quizze gefunden
Verteilung der Resultate
Anzahl Personen mit jedem Resultat
Perzentil nach korrekt beantworteten Fragen
Ihre Resultats-Entwicklung
Sie haben dieses Quiz noch nicht gespielt